00826nam a2200217Ii 45000010005000000030009000050080041000140400033000550410008000880820018000961100043001142450059001572640088002163000012003043360026003163370028003423380027003709400050003979990017004479520144004644014CO-ViMGA241108s9999||||xx |||||||||||||| ||und|| aCO-ViMGAbspaerdacCO-ViMGA0 aunk04a378.1012-M6651 aMinisterio de Educación Nacional92410aPolítica educativa Nacional:bReforma educativa 1976 1a[Lugar de publicación no identificado] : Ministerio de Educación Nacional, 1976 avolumen atextbtxt2rdacontent aunmediatedbn2rdamedia avolumebnc2rdacarrier aidficha_siabuc: 3924. -- ficha_no_siabuc:4014 c56116d56116 001040708001aMEVIGERRbMEVIGERRcGENd2006-11-27hVol.1o378.1012-M665pECA2707r2024-11-26 10:52:06tEj.1w2024-11-26yBKz3924 | 5743